000 00525nam a2200193Ia 4500
005 20250326141324.0
008 250326s9999 xx 000 0 und d
020 _a0-341-12947-8
037 _aTextbook
040 _aFMSL
_beng
_cFMSL
041 _aeng
_2eng
084 _aX:74 N3
_qFMSL
100 _aWilliams S
245 0 _aBreak-Out : Life beyond the corporation
_cWilliams S
260 _aLondon
_bLondon, Hamish Hamilton
_c1993
300 _a284p
942 _cTB
_hX:74 N3
999 _c1289771
_d1289771